000 00662nam a2200277Ia 4500
005 20260121124416.0
008 008 260114s9999 xx 000 0 eng d
020 _a9783110207552
037 _aEBOOK
040 _aCRL
040 _beng
040 _cCRL
041 _2eng
041 _aeng
084 _qCRL
100 _aGärtner, Hans-Martin
_9975492
245 0 _aInterfaces + Recursion = Language?
260 _bDe Gruyter
260 _bWalter de Gruyter
260 _c2007
700 _a Sauerland, Uli
_9975493
856 _uhttps://doi.org/10.1515/9783110207552
942 _cEBOOK
999 _c1554373
_d1554373